[Event "ESP-chT 1st Division 2020"]
[Site "Padron"]
[Date "2020.10.06"]
[Round "4.9"]
[White "Martinez Martin, David"]
[Black "Hernando Rodrigo, Julio Antonio"]
[Result "0-1"]
[WhiteElo "2389"]
[BlackElo "2266"]
[Annotator "TA"]
[PlyCount "136"]
[EventDate "2020.10.01"]
[EventType "team-tourn"]
[EventCountry "ESP"]
[SourceTitle "playchess.com"]
[Source "ChessBase"]
[SourceQuality "1"]

{[%evp 17,136,0,38,35,46,11,20,8,70,52,50,52,60,48,45,48,78,61,139,93,126,122,112,92,120,111,118,103,118,8,18,-125,-129,-109,-120,-347,-345,-334,-326,-344,-365,-323,-346,-314,-247,-230,-185,-176,-186,-248,0,0,0,0,0,-495,0,0,0,-520,-502,-1097,-1079,-1411,-1221,-1387,-1033,-12841,-12841,-12842,-12843,-12848,-12848,-12851,-12851,-12851,-12851,-12851,-12851,-12851,-12851,-12851,-12851,-12851,-27999,-12851,-27994,-27999,-27998,-27999,-27999,-27985,-27998,-27983,-27996,-27997,-27997,-27980,-27980,-27981,-27979,-27980,-27977,-27978,-27978,-27980,-27980,-27985,-27985,-27986,-27986,-27987,-27987,-27988,-27988,-27990,-27990,-27993,-27993,-27998,-27998]} 1. e4 e6 2. d3 c5 3. Nf3 Nc6 4. g3 g6 5. Bg2 Bg7 6. O-O Nge7 7. c3 O-O 8. d4 cxd4 9. cxd4 d6 (9... d5 $5 {[%cal Rd5e4]} 10. Nc3 dxe4 11. Nxe4 Qb6 $15) 10. Nc3 {A04: Unusual lines after 1 Nf3 and King's Indian Attack.} h6 {[#]} 11. d5 $146 ({Predecessor:} 11. Be3 d5 12. e5 Nf5 13. Qd2 Nxe3 14. fxe3 b6 15. Rf2 Ba6 16. h4 Rc8 17. e4 Ne7 18. exd5 Nxd5 {1-0 (42) Amin,B (2535)-Phiri,R Windhoek 2007}) 11... exd5 12. exd5 {The position is equal.} Ne5 ({Black should play} 12... Nb4 $11) 13. Nxe5 $14 dxe5 14. Be3 Bd7 15. Qb3 b6 16. d6 $36 {[%mdl 2048] White is more active.} Nc6 17. Nb5 Na5 (17... Rb8 $14) 18. Qb4 Bc6 19. Rac1 Qd7 20. Rfd1 Rad8 ({Wrong is} 20... Bxb5 $2 21. Rc7 $18) 21. a4 Bxg2 22. Kxg2 {aiming for Rc7.} Rc8 23. Rxc8 (23. Nc7 $16) 23... Rxc8 $11 24. Nxa7 (24. Na3 $11 {remains equal.}) 24... Qxa7 $17 25. d7 Rd8 $1 {[%cal Rd8d7]} (25... Qa8+ 26. Kg1 $16) 26. Qxb6 $2 (26. Qb5 $17 {was worth a try.} Qb7+ 27. Kh3) 26... Qa8+ $19 27. Kg1 {Black must now prevent Qxd8+!} Nc4 $1 {[%csl LRa4,LRb6][%mdl 64] Discovered Attack} 28. Qc7 Nxe3 ({Weaker is} 28... Nxb2 29. Qxd8+ $1 {[%mdl 512]} Qxd8 30. Bb6 $1 $16 {[%mdl 512]}) 29. fxe3 {[#]} Bf6 $1 30. Rf1 Bg5 31. h4 Bxe3+ 32. Kh2 {[#]} Bd2 $1 {[%cal Rd2a5]} 33. Rd1 (33. Qd6 {was necessary.} Qxa4 34. Qxd2) 33... Qa5 $2 (33... Bb4 $19 {Threatens to win with ...e4.} 34. Qxe5 Qxa4) 34. Qxd8+ $1 $11 Qxd8 35. Rxd2 {[%mdl 4096] Endgame KQ-KR} e4 36. Kg1 $2 {[%mdl 8192]} (36. Kg2 $11 {and White stays safe.}) 36... Kf8 $2 ({Better is} 36... e3 $19 37. Rd3 Kg7) 37. Kf1 $1 Ke7 {Strongly threatening ...f6.} 38. Ke2 $2 {[%mdl 8192] Black converts the advantage convincingly.} (38. b4 $1 $11 {and White is okay.}) 38... f5 $19 39. b4 (39. Rd1 $142 g5 40. hxg5 hxg5 41. b3) 39... g5 40. hxg5 hxg5 41. a5 f4 42. gxf4 gxf4 43. Rd4 Kf6 44. Rxe4 Qxd7 45. Rxf4+ Ke5 46. Rh4 Qf7 47. Ke3 Qb3+ 48. Kd2 Qf3 49. Rc4 Kd5 50. Rc3 Qf4+ 51. Kc2 Qxb4 52. Rd3+ {Black mates.} Kc4 53. Rg3 Qa4+ 54. Kb2 Qb5+ 55. Kc1 Qf5 56. Ra3 Kb4 57. Re3 Qxa5 58. Kd2 Qa2+ 59. Kd3 Qb2 60. Re4+ Kc5 61. Rc4+ Kd5 62. Rc3 Qf2 63. Rb3 Qf3+ 64. Kc2 Qe2+ 65. Kc3 Kc5 66. Rb1 Qe3+ 67. Kc2 Kc4 {( -> ...Qe2+)} 68. Rc1 Qe2+ {Accuracy: White = 56%, Black = 73%.} 0-1

[Event "ESP-chT 1st Division 2020"]
[Site "Padron"]
[Date "2020.10.06"]
[Round "4.10"]
[White "Hernando Rodrigo, Jose Maria"]
[Black "Aguilera Lopez, Alejandro"]
[Result "1-0"]
[WhiteElo "2311"]
[BlackElo "2241"]
[Annotator "TA"]
[PlyCount "73"]
[EventDate "2020.10.01"]
[EventType "team-tourn"]
[EventCountry "ESP"]
[SourceTitle "playchess.com"]
[Source "ChessBase"]
[SourceQuality "1"]

{[%evp 22,73,86,72,89,85,116,114,111,117,135,112,205,206,205,181,170,166,180,182,209,168,178,131,309,226,260,164,150,150,167,153,147,152,132,149,444,438,472,382,472,475,457,456,458,462,451,435,672,647,1020,1003,1904,1700]} 1. d4 Nf6 2. c4 e6 3. Nc3 Bb4 4. e3 O-O 5. Bd3 d5 6. a3 Bxc3+ 7. bxc3 c5 8. cxd5 exd5 9. Ne2 c4 10. Bc2 Nc6 11. O-O b5 12. f3 a5 {E49: Nimzo-Indian: Rubinstein: 5 Bd3 d5 6 a3 Bxc3+ 7 bxc3.} 13. e4 {[#]} Be6 $146 ({Predecessor:} 13... h6 14. Ng3 Qb6 15. Kh1 Ra7 16. Bf4 Rd8 17. Qc1 b4 18. Bxh6 b3 19. Bxg7 Nh7 20. Bf6 bxc2 21. Nh5 Rd6 22. Qh6 {1-0 (22) Pacher,M (2446)-Zwardon,V (2383) Czechia 2013}) 14. Bg5 h6 {White is better.} 15. Bh4 g5 16. Be1 dxe4 (16... Nh5 $16 {was necessary.}) 17. fxe4 $18 Bg4 {[#]} 18. h3 $1 {[%cal Rh3g4]} Bh5 19. Qd2 Bg6 (19... Bxe2 $2 20. Qxe2 Nxd4 21. cxd4 $18) 20. Ng3 Nh5 21. Nxh5 Bxh5 22. Rf5 Qb6 $2 (22... b4 $16) 23. Bf2 {Strongly threatening Rf6.} Ne7 24. Re5 Ng6 {[#]} 25. Rc5 $1 Rad8 {White must now prevent ...Qxc5!} 26. d5 $36 {[%mdl 2048] Keeping Black busy.} Nf4 27. Rb1 Ne2+ 28. Kh1 {g4 is the strong threat.} Ng3+ $2 {[%mdl 8192] Loses the game.} (28... Rc8 $16) 29. Kh2 Qd6 30. e5 $1 {[%cal Re5d6]} ({Stronger than} 30. Bxg3 Qxc5 31. Bf2 Qc7+ 32. Bg3 Qc5 $11) 30... Ne4 31. Qd4 {White is clearly winning.} ({Less strong is} 31. exd6 Nxd2 32. Rbxb5 Bg6 $18) ({Weaker is} 31. Bxe4 Qxe5+ 32. Kg1 Qxe4 $16) 31... Qxc5 32. Qxe4 {[%csl Gc2][%cal Re4h7]} f5 33. Bxc5 fxe4 34. Bxf8 Rxf8 (34... Rxd5 $142 35. Bxh6 Rxe5) 35. Bxe4 Rf4 36. d6 Be8 37. e6 {Accuracy: White = 79%, Black = 39%.} 1-0

[Event "ESP-chT 1st Division 2020"]
[Site "Padron"]
[Date "2020.10.06"]
[Round "4.11"]
[White "Martinez Piqueras, Carlos"]
[Black "Korneev Leskova, Svyatoslav"]
[Result "1/2-1/2"]
[WhiteElo "2200"]
[BlackElo "2170"]
[Annotator "TA"]
[PlyCount "60"]
[EventDate "2020.10.01"]
[EventType "team-tourn"]
[EventCountry "ESP"]
[SourceTitle "playchess.com"]
[Source "ChessBase"]
[SourceQuality "1"]

{[%evp 10,60,29,18,26,15,10,10,18,13,19,32,15,14,14,11,21,21,21,21,28,21,29,26,26,29,52,26,46,40,70,62,65,60,68,68,69,67,102,102,106,106,104,89,103,113,114,27,22,-5,0,-419,-418]} 1. e4 e6 2. d4 d5 3. Nd2 c5 4. exd5 Qxd5 5. Ngf3 cxd4 6. Bc4 Qd7 {C07: French Tarrasch: 3...c5, 4 Ngf3 and 4 exd5 Qxd5.} 7. O-O Nc6 8. Nb3 Nf6 {The position is equal. 8...a6 gains popularity.} 9. Nbxd4 Nxd4 10. Nxd4 a6 11. Re1 Bc5 12. c3 O-O 13. Bg5 Bxd4 14. cxd4 Nd5 {[#]} 15. a4 $146 ({Predecessor:} 15. Qf3 b5 16. Bxd5 Qxd5 17. Qxd5 exd5 18. Re7 Be6 19. Bf4 Rfc8 20. Bd6 Rc2 21. b4 {½-½ (33) Alarcon Casellas,R (2387)-Pomes Marcet,J (2344) Barcelona 2015}) 15... b6 16. Ra3 f6 17. Bd2 Rb8 18. Qh5 {[#] Black must now prevent Rxe6!} g6 19. Qe2 b5 20. axb5 axb5 21. Ba2 b4 22. Rg3 Qd6 23. h4 Rf7 24. h5 g5 25. h6 Bd7 26. Qe4 Kh8 27. Rf3 Rg8 28. Bb1 (28. Bxd5 $16 exd5 29. Qc2) 28... Rg6 29. g3 Kg8 30. Qg4 $2 {[%mdl 8192] [#]} (30. Ba2 $11) 30... f5 $1 {[%mdl 32768] Accuracy: White = 78%, Black = 91%. . An unexpected result.} ({Less strong is} 30... Rxh6 31. Qe4 $17) 1/2-1/2

[Event "ESP-chT 1st Division 2020"]
[Site "Padron"]
[Date "2020.10.06"]
[Round "4.12"]
[White "San Juan Morigosa, Isaura"]
[Black "Rodrigo Yanguas, Maria"]
[Result "0-1"]
[WhiteElo "1766"]
[BlackElo "2077"]
[Annotator "ChessBase"]
[PlyCount "74"]
[EventDate "2020.10.01"]
[EventType "team-tourn"]
[EventCountry "ESP"]
[SourceTitle "playchess.com"]
[Source "ChessBase"]
[SourceQuality "1"]
[TimeControl "5400+30"]

1. d4 {[%emt 0:00:00]} Nf6 {[%emt 0:00:10]} 2. c4 {[%emt 0:00:00]} c5 {[%emt 0:00:46]} 3. d5 {[%emt 0:00:00]} b5 {[%emt 0:00:32]} 4. cxb5 {[%emt 0:00:00]} a6 {[%emt 0:00:14]} 5. bxa6 {[%emt 0:00:08]} g6 {[%emt 0:00:28]} 6. Nc3 {[%emt 0:00:13]} Bg7 {[%emt 0:00:20]} 7. e4 {[%emt 0:02:44]} O-O {[%emt 0:00:14]} 8. Nf3 {[%emt 0:02:51]} Qa5 {[%emt 0:00:17]} 9. Bd2 {[%emt 0:04:39]} Bxa6 {[%emt 0:01:12]} 10. Bxa6 {[%emt 0:00:10]} Qxa6 {[%emt 0:00:11]} 11. Qe2 {[%emt 0:01:43]} e6 {[%emt 0:01:36]} 12. Qxa6 {[%emt 0:06:37]} Nxa6 {[%emt 0:00:14]} 13. dxe6 {[%emt 0:00:09]} fxe6 {[%emt 0:00:31]} 14. O-O {[%emt 0:00:08]} d5 {[%emt 0:03:51]} 15. exd5 {[%emt 0:13:27]} exd5 {[%emt 0:00:17]} 16. Bg5 {[%emt 0:19:24]} d4 {[%emt 0:07:28]} 17. Bxf6 {[%emt 0:03:32]} Rxf6 {[%emt 0:03:23]} 18. Ne4 {[%emt 0:00:06]} Rc6 {[%emt 0:09:53]} 19. Rfd1 {[%emt 0:05:18]} Re8 {[%emt 0:03:02]} 20. Ng3 {[%emt 0:03:20]} Rd8 {[%emt 0:10:20]} 21. b3 {[%emt 0:04:46]} Nb4 {[%emt 0:01:39]} 22. a4 {[%emt 0:00:50]} Nd5 {[%emt 0:04:56]} 23. Rac1 {[%emt 0:05:01]} Nf4 {[%emt 0:14:07]} 24. Kf1 {[%emt 0:01:37]} Ne6 {[%emt 0:01:15]} 25. Rc4 {[%emt 0:04:19]} Rb8 {[%emt 0:02:44]} 26. Nd2 {[%emt 0:00:14]} Nf4 {[%emt 0:02:35]} 27. Nge4 {[%emt 0:00:52]} Nd3 {[%emt 0:00:32]} 28. Rb1 {[%emt 0:01:44]} Bf8 {[%emt 0:00:29]} 29. g3 {[%emt 0:00:41]} Ne5 {[%emt 0:02:17]} 30. f4 {[%emt 0:16:38]} Nxc4 {[%emt 0:00:26]} 31. Nxc4 {[%emt 0:00:05]} Re6 {[%emt 0:01:07]} 32. Ne5 {[%emt 0:00:28]} c4 {[%emt 0:02:48]} 33. Ng5 {[%emt 0:00:57]} Rxe5 {[%emt 0:07:00]} 34. fxe5 {[%emt 0:00:14]} Rxb3 {[%emt 0:02:01]} 35. Ra1 {[%emt 0:00:51]} c3 {[%emt 0:01:53]} 36. Ke2 {[%emt 0:00:02]} c2 {[%emt 0:01:18]} 37. e6 {[%emt 0:02:45]} Rb1 {[%emt 0:00:45]} 0-1

[Event "ESP-chT 1st Division 2020"]
[Site "Padron"]
[Date "2020.10.06"]
[Round "4.13"]
[White "Del Rio De Angelis, Salvador G."]
[Black "Suarez Gomez, Julio"]
[Result "1/2-1/2"]
[WhiteElo "2508"]
[BlackElo "2426"]
[Annotator "TA"]
[PlyCount "104"]
[EventDate "2020.10.01"]
[EventType "team-tourn"]
[EventCountry "ESP"]
[SourceTitle "playchess.com"]
[Source "ChessBase"]
[SourceQuality "1"]

{[%evp 9,104,25,24,23,25,10,16,16,24,16,53,21,54,66,65,71,71,56,49,31,53,14,19,17,29,-10,-12,-49,-42,-52,-48,-49,-36,-68,0,-74,-37,-30,-35,-45,-51,-53,-39,-26,0,0,11,11,22,13,20,15,35,25,22,0,42,44,48,53,63,-21,-14,-46,-46,-46,-46,-46,-39,-46,-39,-46,-39,-94,-94,-98,-103,-100,-89,-90,0,-93,-90,-81,0,-62,0,-147,-147,-147,-147,-147,-92,-125,-125,-126,-54]} 1. d4 d5 2. c4 e6 3. Nc3 a6 4. cxd5 exd5 5. Bf4 Nf6 6. e3 {D31: Queen's Gambit Declined: Semi-Slav without ...Nf6 (+ Marshall Gambit and Noteboom) and Exchange Variation lines without ...Nf6.} Bd6 7. Bg5 $1 {[%mdl 4] is currently scoring better than 7.Bxd6. Played by Shakhriyar Mamedyarov in June 2020.} c6 8. Bd3 {The position is equal.} h6 9. Bh4 Be6 10. Nge2 {[#]} g5 $146 ({Predecessor:} 10... Nbd7 11. h3 Qc7 12. Bg3 O-O 13. O-O Rfe8 14. Rc1 Nb6 15. Bxd6 Qxd6 16. b3 Qe7 {0-1 (83) Sadzikowski,D (2558)-Kriebel,T (2488) Aracaju 2018}) 11. Bg3 Nh5 12. Bxd6 Qxd6 13. O-O Nd7 {[%cal Bb8d7,Bd7b6,Bb6c8,Bc8d6,Bd6e4][%mdl 32]} 14. b4 b5 15. a4 {[%cal Ra4b5]} O-O 16. Rb1 f5 17. Ng3 Ng7 18. f4 Nb6 19. Nh5 Ra7 20. Nxg7 Rxg7 21. Qh5 Qe7 (21... Bd7 $15) 22. Qf3 (22. Qxh6 $11 {remains equal.} Bd7 23. Nd1) 22... Nc8 ({Reject} 22... Nxa4 $6 23. Nxa4 bxa4 24. Bc2 $11) (22... g4 $5 {[%cal Rg4f3]} 23. Qf2 Rb8 $11) 23. Ne2 {[%cal Bc3e2,Be2c1,Bc1d3][%mdl 32]} Nd6 24. axb5 axb5 25. Nc1 Ne4 {...Nd2 is the strong threat.} 26. Rb2 Ra8 27. Bb1 Nd6 28. Nd3 Nc4 29. Re2 g4 30. Qf2 Qd6 31. Qh4 Bc8 32. Ra2 Rga7 33. Rxa7 Rxa7 34. Qh5 {aiming for Qe8+.} Kg7 35. Qe8 (35. Ne5 $1 $14) 35... Qd7 (35... Bd7 {feels hotter.} 36. Qd8 Be6 37. Qxd6 Nxd6 38. Ne5 Nc4) 36. Qxd7+ (36. Qh5 {with more complications.} Qf7 37. Qxf7+ Rxf7 38. Ne5 Ra7 39. Nxc6 Ra1 40. Bd3) 36... Bxd7 37. Re1 Kf6 38. Kf2 Be8 39. Bc2 Ra3 40. g3 h5 41. Rb1 (41. Re2 $15) 41... Ra2 $17 42. Rc1 Na3 43. Ne1 Rb2 44. Ke2 Ra2 (44... h4 $17) 45. Kd3 (45. Kf2 $1 $11) 45... Nc4 46. Ke2 Na3 47. Kd3 Nc4 (47... Bd7 $15) 48. Kc3 (48. Ke2 $1 $11 {keeps the balance.}) 48... Nxe3 49. Nd3 Nc4 ({Don't do} 49... Nxc2 50. Rxc2 Ra3+ 51. Kd2 $15) 50. Re1 Bd7 (50... Nd6 $142 51. Re2 Ne4+ 52. Kb3 Ra7) 51. Nc1 Ra1 52. Nd3 Rxe1 {Accuracy: White = 74%, Black = 75%.} ({Black should try} 52... Ra3+ $17 53. Bb3 Nd6) 1/2-1/2

[Event "ESP-chT 1st Division 2020"]
[Site "Padron"]
[Date "2020.10.06"]
[Round "4.14"]
[White "Reinaldo Castineira, Roi"]
[Black "Demuth, Adrien"]
[Result "1/2-1/2"]
[WhiteElo "2469"]
[BlackElo "2488"]
[Annotator "TA"]
[PlyCount "100"]
[EventDate "2020.10.01"]
[EventType "team-tourn"]
[EventCountry "ESP"]
[SourceTitle "playchess.com"]
[Source "ChessBase"]
[SourceQuality "1"]

{[%evp 11,100,-8,16,-16,-12,-32,-21,-22,0,21,26,0,-13,-2,-6,-11,0,0,0,0,3,-37,-40,-73,12,12,14,11,26,8,11,0,0,-15,119,120,127,124,139,106,106,81,81,81,80,80,77,79,82,80,80,82,79,81,80,74,72,81,93,83,89,83,77,72,83,82,74,30,32,32,56,56,63,0,0,0,0,-8,-8,-8,0,0,0,0,0,0,0,0,0,0,0]} 1. d4 Nf6 2. c4 g6 3. Nc3 d5 4. Bg5 Ne4 5. Nxe4 dxe4 6. Qd2 Bg7 7. O-O-O {D80: Grünfeld: Unusual White 4th moves and 4 Bg5.} h6 8. Be3 c5 9. dxc5 {[%csl Gd1][%cal Rd2d8]} Qxd2+ (9... Qc7 {with more complications.} 10. Nh3 Bxh3 11. gxh3 Nc6 12. Qc2 f5) 10. Rxd2 Be6 {[#]} 11. Bd4 $146 ({Predecessor:} 11. Rc2 Na6 12. b3 Nb4 13. Rd2 Bc3 14. Rd1 Nxa2+ 15. Kb1 Nb4 16. Nh3 a5 17. Rc1 Be5 18. Nf4 Bf5 19. Nd5 a4 20. g4 Nxd5 {0-1 (20) Molale,O (2101)-Henni,M (2314) Cairo 2001}) 11... Bxd4 12. Rxd4 f5 13. e3 Nc6 14. Rd2 Ne5 15. b3 Rc8 16. Kc2 Rxc5 17. Ne2 {[#]} Kf7 (17... Bxc4 $1 $17 {[%mdl 512]} 18. bxc4 Nxc4) 18. Nd4 $11 Rhc8 19. Kb2 a6 20. Be2 Bd7 21. f4 exf3 $1 22. gxf3 f4 (22... b5 $11 {remains equal.}) 23. exf4 $16 Nc6 {[#]} 24. Nc2 $1 $36 {[%mdl 2048] White is in control.} Be6 25. Bd3 Rh5 26. h4 Bf5 27. Be4 Rd8 28. Rxd8 Nxd8 29. Ne3 {Hoping for Bxf5.} Bxe4 30. fxe4 {[%mdl 4096] Endgame KRN-KRN} Ne6 31. f5 Nc5 32. fxg6+ Kxg6 33. Rg1+ Kf7 34. Rf1+ Kg6 35. Nd5 {Black must now prevent Nf4+.} Re5 36. Rf5 {[%mdl 64] Decoy} Rxf5 37. Nxe7+ (37. exf5+ Kxf5 38. Nxe7+ Kg4 $11) 37... Kh5 38. Nxf5 {Threatens to win with Kc3.} (38. exf5 Kxh4 39. f6 Kg5 $14) 38... Nxe4 {KN-KN} 39. b4 (39. Kc2 $5 {[%cal Rc2d3]}) 39... Kg6 $1 {[%cal Rg6f5]} 40. Ne7+ Kh5 41. Ng8 $1 Nd6 42. c5 ({White should play} 42. Kb3 $1 $14) 42... Nf5 $11 {The position is equal.} 43. a4 Kxh4 44. b5 axb5 45. axb5 h5 {...Kg5 is the strong threat.} 46. Nf6 Nd4 47. c6 {[#]} Nxc6 $1 {[%mdl 512]} 48. bxc6 bxc6 49. Kc3 Kg5 50. Nxh5 Kxh5 {Accuracy: White = 79%, Black = 88%.} 1/2-1/2

[Event "ESP-chT 1st Division 2020"]
[Site "Padron"]
[Date "2020.10.06"]
[Round "4.15"]
[White "Narciso Dublan, Marc"]
[Black "Laiz Ibanez, Hector"]
[Result "1-0"]
[WhiteElo "2477"]
[BlackElo "2318"]
[Annotator "TA"]
[PlyCount "113"]
[EventDate "2020.10.01"]
[EventType "team-tourn"]
[EventCountry "ESP"]
[SourceTitle "playchess.com"]
[Source "ChessBase"]
[SourceQuality "1"]

{[%evp 12,113,56,37,43,31,42,0,0,0,0,-27,-8,-14,7,0,0,0,-5,10,27,30,27,35,15,18,108,92,116,122,153,159,174,176,150,152,159,149,169,164,193,202,195,186,218,138,146,70,145,148,166,163,152,146,123,101,222,221,236,258,230,240,393,393,1128,1111,2854,2545,2099,1945,1920,1912,1710,1753,1650,1483,1626,3045,2146,1237,2448,4190,4116,3350,2200,1613,2554,3334,5026,2580,2259,1937,6511,6095,4618,4606,29974,29974,4729,5114,29977,29978,29978,29979]} 1. d4 d5 2. c4 e6 3. Nc3 c5 4. cxd5 exd5 5. Nf3 Nf6 6. Bg5 Be6 7. e3 c4 {[#] outshines the older 7...Nc6. D32: Tarrasch Defence: Sidelines and lines without g3.} 8. Bxf6 $146 ({Predecessor:} 8. Ne5 Be7 9. Be2 O-O 10. O-O Nfd7 11. Bxe7 Qxe7 12. Bf3 Nxe5 13. dxe5 Rd8 14. Nxd5 Bxd5 15. Bxd5 {0-1 (58) Wojtaszek,R (2725)-Carlsen,M (2872) Moscow 2019}) 8... Qxf6 9. Ne5 {[#] Strongly threatening Qa4+.} Nc6 {The position is equal.} 10. Qa4 Rc8 11. g3 (11. Be2 {with more complications.} Bd6 12. f4 O-O 13. O-O a6 14. Rae1) 11... Bd6 12. f4 Bxe5 13. dxe5 Qd8 14. Bg2 $36 {[%mdl 2048] White has some pressure.} Qb6 15. O-O $1 Qxe3+ 16. Kh1 O-O $1 17. f5 Bd7 ({Avoid the trap} 17... Nxe5 $2 18. Rae1 $18 (18. fxe6 fxe6 19. Rfe1 Qg5 $18)) 18. Nxd5 Qg5 (18... Qxe5 $11 {keeps the balance.} 19. Qxc4 Kh8) 19. f6 $16 g6 20. Rae1 Be6 21. Nf4 (21. Qxc4 $6 Rfd8 $16) 21... Rce8 22. Bxc6 bxc6 23. Qxa7 c3 {[#]} 24. Rf2 $1 ({Much less strong is} 24. bxc3 $6 Bc4 $14) 24... cxb2 25. Rxb2 Bd5+ 26. Nxd5 cxd5 27. Qd4 Re6 28. Qf4 ({Don't do} 28. Qxd5 $6 Rxf6 29. a4 Ra6 $16) 28... h6 29. Rd2 (29. Kg2 $16) 29... Rd8 (29... Rfe8 $14) 30. Kg2 Ra6 31. h4 Qxf4 32. gxf4 $18 {[%mdl 4096] Endgame KRR-KRR} Ra4 33. Kf3 Kf8 {Now Black is done in.} (33... Kh7 $16 {is a better defense.}) 34. h5 {Black must now prevent hxg6.} g5 35. fxg5 hxg5 36. Red1 Ra5 $2 (36... Rf4+ {keeps fighting.} 37. Kg2 d4) 37. Rg1 Rc8 $2 (37... Ra3+ 38. Kg4 Kg8 39. Kxg5 Kh7) 38. Rxg5 {h6 is the strong threat.} Rc3+ 39. Kg2 Ke8 40. h6 Kd7 41. h7 Rc8 42. Rg8 Raa8 43. Rxd5+ Ke6 44. Rxc8 Rxc8 {KR-KR} 45. Rb5 Rh8 46. a4 {[%cal Ba2a4,Ba4a5][%mdl 32]} Rxh7 47. a5 Rh4 48. Kf3 Ra4 49. Ke3 Ra1 50. Kd4 Rd1+ 51. Kc4 Rc1+ 52. Kb4 Ra1 53. Rc5 Rb1+ 54. Ka4 Kd7 55. a6 Ra1+ 56. Kb5 Rb1+ 57. Ka5 {Accuracy: White = 87%, Black = 54%.} 1-0

[Event "ESP-chT 1st Division 2020"]
[Site "Padron"]
[Date "2020.10.06"]
[Round "4.16"]
[White "Abal Cores, Lucas"]
[Black "Suarez Garcia, Carlos"]
[Result "1-0"]
[WhiteElo "2315"]
[BlackElo "2439"]
[Annotator "TA"]
[PlyCount "85"]
[EventDate "2020.10.01"]
[EventType "team-tourn"]
[EventCountry "ESP"]
[SourceTitle "playchess.com"]
[Source "ChessBase"]
[SourceQuality "1"]

{[%evp 15,84,47,89,72,91,114,87,84,164,157,171,185,176,169,300,261,355,354,337,335,351,331,327,334,327,331,322,326,322,325,319,320,346,329,409,318,320,317,310,264,564,284,301,299,610,608,652,634,526,587,585,610,610,603,696,685,904,864,815,618,706,706,1135,1110,2286,2221,6403,1243,1222,1183,29999]} 1. e4 d6 2. d4 Nf6 3. Nc3 g6 4. Be3 Bg7 5. Qd2 c6 6. Bh6 Bxh6 7. Qxh6 Qa5 8. Bd3 Nbd7 9. Nf3 {B07: Pirc Defence: Miscellaneous Systems.} c5 10. O-O-O cxd4 11. Nxd4 {White is better.} Ne5 (11... Qh5 $16 12. Qxh5 Nxh5) 12. Bb5+ $18 Bd7 {[#]} 13. f4 $146 {[%cal Rf4e5]} ({Predecessor:} 13. Bxd7+ Nexd7 14. Nb3 Qb6 15. f3 O-O-O 16. Nd5 Nxd5 17. exd5 Nf6 18. Rhe1 Rhe8 19. Re2 {1-0 (63) Beridze,T (2033)-Skinke,K (2166) Kemer 2007}) 13... Neg4 14. Qg7 $36 {[%mdl 2048] White is really pushing.} Rf8 (14... O-O-O $142) 15. e5 dxe5 16. fxe5 Nxe5 17. Rhe1 Qc7 {[#]} 18. Nd5 $1 {[%mdl 512]} Nd3+ (18... Nxd5 19. Rxe5) 19. Rxd3 Nxd5 20. Re5 O-O-O {Threatens to win with ...Be6!} 21. Rxd5 Bxb5 22. Rxb5 {Black must now prevent Rc3!} ({But not} 22. Nxb5 Qf4+ 23. Kd1 Qf1+ 24. Kd2 Qxg2+ 25. Kc3 Rxd5 $18) 22... Qf4+ 23. Rd2 Qxh2 24. c3 h5 25. Re2 Qf4+ 26. Kc2 Rfe8 27. a4 {[%cal Ba2a4,Ba4a5][%mdl 32]} Rd7 $2 (27... Qf6 28. Qxf6 exf6 29. Rxe8 Rxe8 30. Rc5+ Kb8) 28. a5 a6 29. Rc5+ Rc7 $2 {[#]} (29... Kb8 30. b4 Ka8) 30. Rxe7 $1 {[%mdl 512]} Rexe7 31. Qf8+ Kd7 32. Rd5+ Qd6 33. Rxd6+ Kxd6 34. Qd8+ Ke5 35. Nf3+ Kf4 36. Qd6+ Kg4 37. Ne5+ Kf5 38. b4 Ke4 39. Nd3 g5 40. Qf6 {[%csl Gg2][%cal Rf6f3]} Kd5 41. Qxg5+ (41. Nc5 $142 Rxc5 42. Qxe7 {[%mdl 64] Double Attack}) 41... Kd6 42. Nf4 {[%csl Gf4][%cal Rg5d5]} Rcd7 43. Qc5# {Black got outplayed after the opening. Accuracy: White = 70%, Black = 35%.} 1-0